|
|
|
|
| LEADER |
01765nam a2200433 i 4500 |
| 001 |
EBC1584871 |
| 003 |
MiAaPQ |
| 005 |
20200520144314.0 |
| 006 |
m o d | |
| 007 |
cr cnu|||||||| |
| 008 |
140111s2014 mdu ob 001 0 eng d |
| 020 |
|
|
|z 9780739168615
|
| 020 |
|
|
|a 9780739168622
|q (electronic bk.)
|
| 035 |
|
|
|a (MiAaPQ)EBC1584871
|
| 035 |
|
|
|a (Au-PeEL)EBL1584871
|
| 035 |
|
|
|a (CaPaEBR)ebr10822746
|
| 035 |
|
|
|a (CaONFJC)MIL559470
|
| 035 |
|
|
|a (OCoLC)867820311
|
| 040 |
|
|
|a MiAaPQ
|b eng
|e rda
|e pn
|c MiAaPQ
|d MiAaPQ
|
| 050 |
|
4 |
|a HB201
|b .S547 2014
|
| 082 |
0 |
|
|a 306.3/4
|2 23
|
| 100 |
1 |
|
|a Sherlock, Steve,
|d 1958-
|
| 245 |
1 |
4 |
|a The performativity of value :
|b on the citability of cultural commodities /
|c Steve Sherlock.
|
| 264 |
|
1 |
|a Lanham, Maryland ;
|a Plymouth, England :
|b Lexington Books,
|c 2014.
|
| 264 |
|
4 |
|c 2014
|
| 300 |
|
|
|a 1 online resource (299 pages)
|
| 336 |
|
|
|a text
|2 rdacontent
|
| 337 |
|
|
|a computer
|2 rdamedia
|
| 338 |
|
|
|a online resource
|2 rdacarrier
|
| 504 |
|
|
|a Includes bibliographical references and index.
|
| 588 |
|
|
|a Description based on print version record.
|
| 590 |
|
|
|a Electronic reproduction. Ann Arbor, MI : ProQuest, 2015. Available via World Wide Web. Access may be limited to ProQuest affiliated libraries.
|
| 650 |
|
0 |
|a Value.
|
| 650 |
|
0 |
|a Group identity.
|
| 650 |
|
0 |
|a Commercial products.
|
| 655 |
|
4 |
|a Electronic books.
|
| 776 |
0 |
8 |
|i Print version:
|a Sherlock, Steve, 1958-
|t Performativity of value : on the citability of cultural commodities.
|d Lanham, Maryland ; Plymouth, England : Lexington Books, c2014
|h vii, 289 pages
|z 9780739168615
|w 2013045646
|
| 797 |
2 |
|
|a ProQuest (Firm)
|
| 856 |
4 |
0 |
|u https://ebookcentral.proquest.com/lib/matrademy/detail.action?docID=1584871
|z Click to View
|